Fundamentals of database systems / (رقم التسجيلة. 30515)

تفاصيل مارك
000 -الفاتح
حقل البيانات ثابتة الطول 00723nam a2200229 a 4500
001 - رقم الضبط
رقم الضبط 000041007369
003 - محدد رقم الضبط
رقم الضبط AuCNLKIN
005 - وقت وتاريخ اخر تعامل مع التسجيلة
رقم الضبط 20150408114138.0
008 - عناصر البيانات ثابتة الطول - معلومات عامة
حقل البيانات ثابتة الطول 061026s2007 maua b 001 0 eng
020 ## - الرقم الدولى المعيارى للكتب
الرقم الدولى المعيارى للكتاب 032141506X
040 ## - مصدر الفهرسة
وكالة الفهرسة الأصلية Ma-Un
082 00 - رقم تصنيف ديوى العشرى
رقم التصنيف 005.74
رقم الطبعة 22
100 1# - المدخل الرئيسى - إسم شخصى
الإسم الشخصى Elmasri, Ramez.
9 (RLIN) 5365
245 10 - بيان العنوان
العنوان Fundamentals of database systems /
بيان المسئوليه,etc Ramez Elmasri, Shamkant B. Navathe.
250 ## - بيان الطبعة
بيان الطبعة 5th ed., Pearson international ed.
260 ## - PUBLICATION, DISTRIBUTION, ETC. (IMPRINT)
مكان الناشر او الموزع Boston :
اسم الناشر او الموزع Pearson Addison Wesley,
تاريخ النشر أو التوزيع c2007.
300 ## - الوصف المادى
التعداد xxviii, 1123 p. :
تفاصيل ماديه اخرى للوعاء ill. ;
أبعاد الوعاء 24 cm.
504 ## - تبصرة ببليوجرافية
تبصرة ببليوجرافية,الخ Includes bibliographical references (p. 1051-1079) and index.
650 #0 - المدخل الاضافى بالموضوع-مصطلح موضوعى
مصطلح موضوعي أو اسم جغرافي كعنصر مدخل Database management.
700 1# - المدخل الاضافى - اسم شخصى
الإسم الشخصى Navathe, Sham.
9 (RLIN) 5366
942 ## - عناصر المدخل الإضافي( كوها)
مصدر التصنيف او مخطط الترفيف Dewey Decimal Classification
Koha [default] item type كتاب
المقتنيات
حالة الفقد نموذج السعر الفعال حالة تلف ليس للاعارة رقم الطلب رقم النسخة تاريخ الاكتساب الموقع الحالي الباركود الفرع الرئيسي Date last checked out Date last seen نوع المادة فى نظام كوها مصدر التصنيف او خطة الترفيف Total Checkouts
  2013-08-23     005.74 MRF 1 2013-08-23 المكتبة المركزية بالمجمعة (CL) 00450929 المكتبة المركزية بالمجمعة (CL) 2023-09-20 2023-09-26 كتاب Dewey Decimal Classification 1
  2013-08-23     005.74 MRF 2 2013-08-23 المكتبة المركزية بالمجمعة (CL) 00450930 المكتبة المركزية بالمجمعة (CL)   2013-08-23 كتاب Dewey Decimal Classification  
  2013-08-23   Not For Loan 005.74 MRF 3 2013-08-23 المكتبة المركزية بالمجمعة (CL) 00450931 المكتبة المركزية بالمجمعة (CL)   2013-08-23 كتاب Dewey Decimal Classification  
  2013-08-21     005.74 MRF 1 2013-08-21 مكتبة كلية التربية بالزلفى - طالبات (EZF) 00450927 مكتبة مجمع الكليات بالزلفى - طلاب (SZM) 2017-07-10 2017-12-07 كتاب Dewey Decimal Classification 1
  2013-08-21   Not For Loan 005.74 MRF 2 2013-08-21 مكتبة مجمع الكليات بالزلفى - طلاب (SZM) 00450928 مكتبة مجمع الكليات بالزلفى - طلاب (SZM)   2013-08-21 كتاب Dewey Decimal Classification